[Event "PRO League Group Stage"]
[Site "chess.com INT"]
[Date "2019.01.21"]
[Round "3"]
[White "Dobrov, Vladimir"]
[Black "Ehlvest, Jaan"]
[Result "1-0"]
[WhiteTitle "GM"]
[BlackTitle "GM"]
[WhiteElo "2478"]
[BlackElo "2521"]
[WhiteTeam "Moscow Wizards"]
[BlackTeam "Estonia Horses"]
[WhiteFideId "4136594"]
[BlackFideId "4500016"]
[EventDate "2019.01.08"]

1. d4 Nf6 2. c4 d6 3. Nf3 Nbd7 4. Nc3 g6 5. g3 Bg7 6. Bg2 O-O 7. O-O a6 8. h3 c6
9. a4 a5 10. e4 e5 11. Be3 Re8 12. d5 cxd5 13. cxd5 b6 14. Nd2 Nc5 15. Qb1 Ba6
16. Re1 Qd7 17. Kh2 Bd3 18. Qd1 Ba6 19. Bf1 Nd3 20. Bxd3 Bxd3 21. Ra3 Ba6 22.
Rb3 Reb8 23. Nb5 Bc8 24. g4 h5 25. f3 hxg4 26. hxg4 Qd8 27. Kg2 Ba6 28. Nc4 Ne8
29. Qd2 Rb7 30. Qf2 Rab8 31. Rh1 Bf8 32. f4 Nf6 33. Qh4 Bg7 34. fxe5 dxe5 35.
Bg5 Bxb5 36. axb5 Rc8 37. Rc3 Qd7 38. Nxe5 Rxc3 39. Bxf6 Rc2+ 40. Kf3 1-0

[Event "PRO League Group Stage"]
[Site "chess.com INT"]
[Date "2019.01.21"]
[Round "3"]
[White "Ladva, Ottomar"]
[Black "Lushenkov, Mikhail"]
[Result "1/2-1/2"]
[WhiteTitle "GM"]
[BlackTitle "IM"]
[WhiteElo "2497"]
[BlackElo "2434"]
[WhiteTeam "Estonia Horses"]
[BlackTeam "Moscow Wizards"]
[WhiteFideId "4500024"]
[BlackFideId "4162129"]
[EventDate "2019.01.08"]

1. Nf3 d5 2. e3 Nf6 3. c4 c6 4. Nc3 e6 5. b3 Bd6 6. Bb2 e5 7. cxd5 cxd5 8. Nb5
Nc6 9. Nxd6+ Qxd6 10. Bb5 Nd7 11. O-O a6 12. Bxc6 bxc6 13. Rc1 O-O 14. Qc2 Bb7
15. d4 e4 16. Ne5 Nxe5 17. dxe5 Qe6 18. Qc5 a5 19. Rfd1 Rfc8 20. a4 Ba6 21. Rd2
Bd3 22. f4 Ra6 23. Rf2 Qf5 24. Bc3 Rca8 25. Bd4 h5 26. Qd6 Qe6 27. f5 Qxd6 28.
exd6 f6 29. Rb2 Rb8 30. Bc5 Kf7 31. b4 Ke8 32. b5 cxb5 33. axb5 Rxb5 34. Rxb5
Bxb5 35. Rb1 Bd7 36. Rb8+ Kf7 37. Rb7 Ke8 38. Rb8+ Kf7 39. Rb7 Ke8 40. Rb8+ Kf7 1/2-1/2

[Event "PRO League Group Stage"]
[Site "chess.com INT"]
[Date "2019.01.21"]
[Round "3"]
[White "Chukavin, Kirill"]
[Black "Vastrukhin, Oleg"]
[Result "0-1"]
[WhiteTitle "FM"]
[WhiteElo "2307"]
[BlackElo "2413"]
[WhiteTeam "Estonia Horses"]
[BlackTeam "Moscow Wizards"]
[WhiteFideId "4503023"]
[BlackFideId "4192770"]
[EventDate "2019.01.08"]

1. e4 e6 2. d4 d5 3. Nd2 c5 4. exd5 exd5 5. Ngf3 Nc6 6. Bb5 Bd6 7. dxc5 Bxc5 8.
O-O Ne7 9. Nb3 Bb6 10. c3 O-O 11. Bd3 Bf5 12. Re1 Qd7 13. Be3 Bxe3 14. Rxe3 Rad8
15. Nbd4 Bg6 16. Qe2 Nxd4 17. Nxd4 Nc6 18. Bxg6 hxg6 19. Qd3 Rfe8 20. Rae1 Rxe3
21. Qxe3 a6 22. h3 Na5 23. Qg5 Nc6 24. Qe3 f6 25. Nxc6 Qxc6 26. Qe6+ Qxe6 27.
Rxe6 Rd7 28. Kf1 Kf7 29. Rb6 Ke7 30. Ke2 Kd8 31. Rb4 Kc7 32. h4 Re7+ 33. Kd2 Re6
34. Rg4 f5 35. Rg5 Kc6 36. h5 gxh5 37. Rxg7 h4 38. Rg5 Kd6 39. Kd3 Ke5 40. Rh5
Rg6 41. Rxh4 Rxg2 42. Ke3 Rg1 0-1

[Event "PRO League Group Stage"]
[Site "chess.com INT"]
[Date "2019.01.21"]
[Round "3"]
[White "Quparadze, Giga"]
[Black "Zakhartsov, Vladimir"]
[Result "1-0"]
[WhiteTitle "GM"]
[BlackTitle "IM"]
[WhiteElo "2493"]
[BlackElo "2483"]
[WhiteTeam "Tbilisi Gentlemen"]
[BlackTeam "Moscow Phoenix"]
[WhiteFideId "13602250"]
[BlackFideId "4145097"]
[EventDate "2019.01.08"]

1. e4 c5 2. Nf3 d6 3. d4 Nf6 4. Nc3 cxd4 5. Nxd4 a6 6. g3 e5 7. Nde2 Be6 8. Bg2
Be7 9. O-O O-O 10. a4 Nc6 11. Nd5 Rc8 12. Nec3 Nd4 13. Be3 Nxd5 14. exd5 Bf5 15.
Bxd4 exd4 16. Qxd4 Bxc2 17. Qb4 Qd7 18. Be4 a5 19. Qd4 Bf6 20. Qd2 Rxc3 21. Bxc2
Rc4 22. Qd3 Rxc2 23. Qxc2 Rc8 24. Qd2 g6 25. Rac1 Rd8 26. Qxa5 Bxb2 27. Rc7 Qe8
28. Re1 Qf8 29. Rxb7 Bd4 30. Reb1 Kg7 31. Qd2 Bc5 32. Rc7 Ra8 33. Qf4 Rc8 34.
Rbb7 Rxc7 35. Rxc7 Qe8 36. Kg2 Bb6 37. Rb7 Bc5 38. a5 h6 39. a6 g5 40. Qf5 g4
41. a7 h5 42. a8=Q Qxa8 1-0

[Event "PRO League Group Stage"]
[Site "chess.com INT"]
[Date "2019.01.21"]
[Round "3"]
[White "Volkov, Nika"]
[Black "Golubov, Saveliy"]
[Result "1/2-1/2"]
[BlackTitle "IM"]
[WhiteElo "2153"]
[BlackElo "2482"]
[WhiteTeam "Tbilisi Gentlemen"]
[BlackTeam "Moscow Phoenix"]
[WhiteFideId "13604376"]
[BlackFideId "24176729"]
[EventDate "2019.01.08"]

1. d4 a6 2. a4 g6 3. g3 Bg7 4. Bg2 d6 5. Nf3 Nf6 6. O-O O-O 7. b3 e5 8. dxe5 Ng4
9. Bb2 Nc6 10. Nbd2 Ngxe5 11. Qc1 Qe7 12. Kh1 Be6 13. Ne4 h6 14. Nxe5 Bxe5 15.
Bxe5 Nxe5 16. Qxh6 Bd5 17. Ng5 Bxg2+ 18. Kxg2 f6 19. f4 fxg5 20. fxe5 Qxe5 21.
Qxg6+ Kh8 22. e4 Qg7 23. Qxg7+ Kxg7 24. Rf5 Rxf5 25. exf5 Kf6 26. g4 Re8 27. Kf2
Rh8 28. Kg3 Re8 29. Rf1 Re2 30. Rf2 Re3+ 31. Rf3 Re1 32. h3 b5 33. axb5 axb5 34.
Rc3 c5 35. Rd3 Ke7 36. Kf2 Rc1 37. Re3+ Kf7 38. Re2 d5 39. Rd2 d4 40. Kf3 c4 41.
bxc4 bxc4 42. Ke4 c3 43. Rxd4 Rxc2 44. Rd7+ Kf6 45. Rd6+ Kf7 46. Rc6 Rc1 47. Kd3
Rh1 48. Rg6 Rxh3+ 49. Kc2 Rg3 50. Rxg5 Kf6 51. Rg6+ Kf7 52. g5 Rf3 53. Rf6+ Kg7
54. Rg6+ Kf7 55. Rf6+ Kg7 56. Kd1 Rf2 57. Rg6+ Kf7 58. Rf6+ Kg7 59. Kc1 Rg2 60.
Rg6+ Kf7 61. Rf6+ Kg7 62. Rg6+ Kf7 1/2-1/2

[Event "PRO League Group Stage"]
[Site "chess.com INT"]
[Date "2019.01.21"]
[Round "3"]
[White "Afanasiev, Nikita"]
[Black "Jojua, Davit"]
[Result "1-0"]
[WhiteTitle "FM"]
[BlackTitle "GM"]
[WhiteElo "2508"]
[BlackElo "2588"]
[WhiteTeam "Moscow Phoenix"]
[BlackTeam "Tbilisi Gentlemen"]
[WhiteFideId "24183555"]
[BlackFideId "13602543"]
[EventDate "2019.01.08"]

1. Nf3 g6 2. e4 Bg7 3. d4 d6 4. h3 c6 5. a4 Nf6 6. Bd3 Nbd7 7. O-O e5 8. c3 O-O
9. Nbd2 Re8 10. Re1 Qc7 11. a5 Rb8 12. b4 b5 13. axb6 axb6 14. b5 cxb5 15. Bxb5
Qxc3 16. Ba3 Ra8 17. Nc4 Ba6 18. Rc1 Qxc1 19. Qxc1 Rec8 20. Qb2 Rxc4 21. Bxc4
Bxc4 22. Bxd6 exd4 23. Qxd4 b5 24. e5 Ne8 25. Be7 Nf8 26. Bxf8 Bxf8 27. Ng5 h6
28. Nxf7 Kxf7 29. e6+ Kg8 30. e7 Ng7 31. Qd8 1-0

[Event "PRO League Group Stage"]
[Site "chess.com INT"]
[Date "2019.01.21"]
[Round "3"]
[White "Sychev, Klementy"]
[Black "Jobava, Baadur"]
[Result "1/2-1/2"]
[WhiteTitle "IM"]
[BlackTitle "GM"]
[WhiteElo "2537"]
[BlackElo "2629"]
[WhiteTeam "Moscow Phoenix"]
[BlackTeam "Tbilisi Gentlemen"]
[WhiteFideId "4114060"]
[BlackFideId "13601520"]
[EventDate "2019.01.08"]

1. d4 Nf6 2. Nf3 d5 3. c4 c6 4. cxd5 cxd5 5. Nc3 Nc6 6. Bf4 a6 7. e3 Bg4 8. Be2
e6 9. Ne5 Bxe2 10. Qxe2 Rc8 11. O-O Bd6 12. Nd3 Bxf4 13. Nxf4 Qd6 14. Nd3 O-O
15. Rac1 Rc7 16. Rc2 Rfc8 17. Rfc1 h6 18. Na4 Nd7 19. a3 Na5 20. Ndc5 Nc4 21.
Nxd7 Qxd7 22. Nc5 Qb5 23. h3 e5 24. Nd3 exd4 25. exd4 Re8 26. Qd1 Rce7 27. Qf1
Qb6 28. Nb4 Qxd4 29. Nxd5 Qxd5 30. Qxc4 Re1+ 31. Rxe1 Rxe1+ 32. Kh2 Qxc4 33.
Rxc4 Re2 34. Rb4 b5 35. Kg3 g5 36. a4 bxa4 37. Rxa4 Re6 38. h4 Kg7 39. hxg5 hxg5
40. Kf3 Rb6 41. g4 Kf6 42. Ra5 Ke6 43. Ke3 f6 44. f3 Kd6 45. b4 Kc6 46. Kd3 Kb7
47. Kc4 Rc6+ 48. Kd4 Kb6 49. Rf5 Rd6+ 50. Kc4 Rc6+ 51. Kd4 Rd6+ 52. Kc4 Rc6+ 53.
Kd4 1/2-1/2

[Event "PRO League Group Stage"]
[Site "chess.com INT"]
[Date "2019.01.21"]
[Round "3"]
[White "Regoli, Stephane"]
[Black "Lenic, Luka"]
[Result "1/2-1/2"]
[BlackTitle "GM"]
[WhiteElo "2256"]
[BlackElo "2645"]
[WhiteTeam "Marseille Migraines"]
[BlackTeam "Ljubljana Turtles"]
[WhiteFideId "615110"]
[BlackFideId "14603853"]
[EventDate "2019.01.08"]

1. e4 c5 2. d4 cxd4 3. c3 d3 4. c4 Nc6 5. Nf3 g6 6. Bxd3 Bg7 7. O-O d6 8. Nc3
Nf6 9. h3 O-O 10. Be3 Nd7 11. Be2 Nc5 12. Nd4 Bd7 13. Rc1 Rc8 14. b3 Re8 15. Qd2
Qa5 16. Rfd1 a6 17. f3 Nxd4 18. Bxd4 Bxd4+ 19. Qxd4 Bc6 20. Qd2 Qb6 21. Kh1 a5
22. Nd5 Bxd5 23. cxd5 Rc7 24. Rc2 Rec8 25. Rdc1 Nd7 26. Bd1 Rxc2 27. Rxc2 Rxc2
28. Qxc2 Kg7 29. Qc3+ Nf6 30. Be2 Qf2 31. Bc4 b6 32. e5 dxe5 33. Qxe5 Qc5 34. g4
b5 35. Be2 h6 36. h4 Kh7 37. h5 Nxd5 38. hxg6+ fxg6 39. Qe6 Qc1+ 40. Kh2 Qc7+
41. Kh1 Qc1+ 42. Kh2 Qf4+ 43. Kh1 Nf6 44. Qxe7+ Kh8 45. Qd8+ Kg7 46. Qe7+ Kg8
47. Qd8+ Kf7 48. Qxa5 h5 49. Qxb5 hxg4 50. Bc4+ Kg7 51. Qb7+ Kh6 52. fxg4 Ne4
53. Qa7 Qg3 54. g5+ Qxg5 55. Qg1 Ng3+ 56. Kh2 Qh4+ 57. Kg2 Nh5 58. Qh2 Qe4+ 59.
Kg1 Qb1+ 60. Kg2 Qxa2+ 61. Kh3 Qb1 62. Qd2+ Kg7 63. Qd7+ Kf6 64. Qf7+ Kg5 65.
Qe7+ Kf4 66. Qd6+ Ke3 67. Qe7+ Kd2 68. Qg5+ Kc3 69. Qe3+ Kb4 70. Qd2+ Kc5 71.
Qd5+ Kb4 72. Qd2+ Ka3 73. Qa5+ Kb2 74. Qd2+ Ka1 75. Qc3+ Qb2 76. Qxb2+ Kxb2 77.
Kg4 Nf6+ 78. Kg5 Ne4+ 79. Kxg6 Kc3 80. Kf5 Nd2 81. Ke5 Nxb3 82. Bxb3 1/2-1/2

[Event "PRO League Group Stage"]
[Site "chess.com INT"]
[Date "2019.01.21"]
[Round "3"]
[White "Delorme, Alban"]
[Black "Sebenik, Matej"]
[Result "1-0"]
[WhiteTitle "FM"]
[BlackTitle "GM"]
[WhiteElo "2320"]
[BlackElo "2540"]
[WhiteTeam "Marseille Migraines"]
[BlackTeam "Ljubljana Turtles"]
[WhiteFideId "623636"]
[BlackFideId "14602296"]
[EventDate "2019.01.08"]

1. d4 Nf6 2. Nf3 g6 3. g3 Bg7 4. Bg2 O-O 5. O-O d6 6. a4 c6 7. Nc3 Nbd7 8. Re1
e5 9. e4 Qc7 10. h3 b6 11. Be3 Bb7 12. Qd2 Rfe8 13. Rad1 exd4 14. Nxd4 Nc5 15.
Bh6 Bxh6 16. Qxh6 Qe7 17. Nf3 Rad8 18. e5 dxe5 19. Rxd8 Qxd8 20. Rxe5 Rxe5 21.
Nxe5 Qd6 22. Qf4 Qe6 23. b4 Ncd7 24. Nxd7 Nxd7 25. Ne4 Ne5 26. b5 Qe7 27. Nc3 f6
28. bxc6 Ba6 29. Nd5 Qe6 30. Nc7 1-0

[Event "PRO League Group Stage"]
[Site "chess.com INT"]
[Date "2019.01.21"]
[Round "3"]
[White "Skoberne, Jure"]
[Black "Moussard, Jules"]
[Result "1-0"]
[WhiteTitle "GM"]
[BlackTitle "GM"]
[WhiteElo "2582"]
[BlackElo "2605"]
[WhiteTeam "Ljubljana Turtles"]
[BlackTeam "Marseille Migraines"]
[WhiteFideId "14604299"]
[BlackFideId "642908"]
[EventDate "2019.01.08"]

1. Nf3 g6 2. g3 Bg7 3. d4 d6 4. Bg2 Nf6 5. O-O O-O 6. c4 Ne4 7. b3 e5 8. Bb2 Re8
9. dxe5 Nc6 10. Nbd2 Nc5 11. Qc2 dxe5 12. Rad1 Qe7 13. e4 a5 14. h3 Ne6 15. Rfe1
a4 16. Nf1 axb3 17. axb3 Ncd4 18. Nxd4 Nxd4 19. Bxd4 exd4 20. c5 Bd7 21. e5 Bc6
22. Bxc6 bxc6 23. Rxd4 Qe6 24. Rde4 Rab8 25. b4 Qxh3 26. e6 fxe6 27. Qa4 Qf5 28.
Qxc6 Qf7 29. Ne3 h5 30. Rf4 Qe7 31. Nd5 Qg5 32. Rxe6 Rxe6 33. Qxe6+ Kh7 34. Nf6+
Kh6 35. Nxh5 Qxh5 36. Rh4 Qxh4 37. gxh4 Rxb4 38. Qe7 Rg4+ 39. Kf1 c6 40. Qe3+
Kh5 41. Qf3 Kxh4 42. Qxc6 Bd4 43. Qh1+ Kg5 44. Qd5+ Kh6 45. c6 Bb6 46. Qd2+ Kh5
47. Qb2 Bc7 48. Qh8+ Kg5 49. Qc8 Bf4 50. c7 Bxc7 51. Qxc7 Rf4 52. Kg2 Rf5 53.
Kg3 Kh6 54. Qd8 Kh7 55. Kg4 Rh5 56. Qe7+ Kg8 57. f4 Rf5 58. Qd7 Rf7 59. Qe6 Kg7
60. Qd6 Rf5 61. Qe6 Rf7 62. Kf3 Rf5 63. Ke4 Rf7 64. Qe5+ Kg8 65. Qb8+ Kg7 66.
Ke5 Rf5+ 67. Ke4 Rf7 68. Qd8 Rf5 69. Qe7+ Rf7 70. Qe5+ Kg8 71. Qa1 Rf5 72. Qh1
Kg7 73. Qh3 Rf7 74. Qh1 Rf5 75. Qh4 Rf7 76. Ke5 Rf5+ 77. Ke6 Rf7 78. Qg5 Rf5 79.
Qe7+ Kg8 80. Qf6 Kh7 81. Qxf5 gxf5 82. Kxf5 1-0

[Event "PRO League Group Stage"]
[Site "chess.com INT"]
[Date "2019.01.21"]
[Round "3"]
[White "Unuk, Laura"]
[Black "Vachier-Lagrave, Maxime"]
[Result "0-1"]
[WhiteTitle "WIM"]
[BlackTitle "GM"]
[WhiteElo "2234"]
[BlackElo "2780"]
[WhiteTeam "Ljubljana Turtles"]
[BlackTeam "Marseille Migraines"]
[WhiteFideId "14609215"]
[BlackFideId "623539"]
[EventDate "2019.01.08"]

1. d4 Nf6 2. c4 b6 3. Nf3 Bb7 4. g3 g6 5. Bg2 Bg7 6. O-O O-O 7. Nc3 Ne4 8. Nxe4
Bxe4 9. Bf4 d6 10. Qd2 c5 11. d5 Nd7 12. a4 a6 13. Bh6 Bxh6 14. Qxh6 Bxf3 15.
exf3 b5 16. axb5 axb5 17. cxb5 Rb8 18. Ra4 Rxb5 19. Rh4 Nf6 20. g4 Rxb2 21. f4
Rb3 22. g5 Nh5 23. Rxh5 gxh5 24. Be4 f5 25. g6 hxg6 26. Qxg6+ Kh8 27. Qh6+ Kg8
28. Kh1 Rg3 29. hxg3 fxe4 30. Qg6+ Kh8 31. Qxh5+ Kg7 32. Kg2 Qe8 33. Qg5+ Qg6
34. Qxe7+ Rf7 35. Qh4 Qf6 36. Qg4+ Qg6 37. Qh4 Qf6 38. Qxf6+ Kxf6 39. g4 Rb7 40.
Re1 Rb4 41. Kg3 Rd4 42. Kg2 c4 43. Re3 Rxd5 44. Rxe4 c3 45. Re1 Rd3 46. Rc1 d5
47. Kf1 d4 48. Ke2 Rd2+ 49. Kf3 c2 50. Ke4 d3 51. g5+ Kg7 52. Ra1 Rd1 53. Ra7+
Kf8 54. Ra8+ Ke7 55. Ra7+ Kd6 56. g6 c1=Q 57. g7 Qc4+ 58. Kf5 Qe6+ 59. Kg5 Rg1+ 0-1

[Event "PRO League Group Stage"]
[Site "chess.com INT"]
[Date "2019.01.21"]
[Round "3"]
[White "Lopez, Jasel"]
[Black "Meier, Georg"]
[Result "0-1"]
[WhiteTitle "FM"]
[BlackTitle "GM"]
[WhiteElo "2388"]
[BlackElo "2623"]
[WhiteTeam "Amsterdam Mosquitoes"]
[BlackTeam "Baden-Baden Snowballs"]
[WhiteFideId "15900045"]
[BlackFideId "4675789"]
[EventDate "2019.01.08"]

1. Nf3 d5 2. d4 Nf6 3. c4 e6 4. Nc3 Be7 5. Bg5 h6 6. Bh4 O-O 7. e3 b6 8. Rc1 Bb7
9. cxd5 Nxd5 10. Bxe7 Qxe7 11. Be2 Rd8 12. Qb3 Nd7 13. O-O c5 14. Nxd5 Bxd5 15.
Qa3 a5 16. Rfd1 Rac8 17. dxc5 Nxc5 18. Nd4 Qf6 19. b4 axb4 20. Qxb4 e5 21. Nb3
Bxb3 22. axb3 Rxd1+ 23. Rxd1 Rd8 24. Rxd8+ Qxd8 25. Qc3 Qf6 26. Qc2 Qd6 27. b4
Nd7 28. Qc3 g6 29. h3 Nf6 30. Bc4 Kg7 31. f3 h5 32. Bb3 Qe7 33. Qc4 h4 34. Qxh4
e4 35. Qe1 exf3 36. gxf3 Qe5 37. Bc4 Qf5 38. Kg2 Qg5+ 39. Kh2 Qe5+ 40. Kg2 Qg5+
41. Kh2 Qe5+ 42. Kg2 b5 43. Bf1 Nd5 44. Kf2 Qb2+ 45. Qe2 Qxb4 46. Qxb5 Qh4+ 47.
Kg1 Qg3+ 48. Bg2 Nxe3 49. Qb2+ f6 50. Kh1 Kh6 51. Qd2 Qf4 52. Qd8 Kg5 53. Qd2
Kh4 54. Qf2+ Kh5 55. Kg1 Kg5 56. Qd2 Kh5 57. Kh1 g5 58. Qd3 Kh4 59. Qd2 Nf5 60.
Qe1+ Kh5 61. Qe8+ Kh4 62. Qe1+ Kh5 63. Qe8+ Kh6 64. Qh8+ Kg6 65. Qg8+ Ng7 66.
Kg1 Qe3+ 67. Kh1 Qe6 68. Qb8 Nh5 69. Qb1+ f5 70. Qd1 Nf4 71. Kg1 Kh5 72. Kh1 Qe2
73. Qg1 Kh4 74. Kh2 Nxg2 75. Qxg2 Qe5+ 76. Kg1 Qg3 77. f4 Qxf4 78. Qb7 Qg3+ 79.
Kh1 Qxh3+ 80. Kg1 Qg4+ 81. Kh1 Qe4+ 0-1

[Event "PRO League Group Stage"]
[Site "chess.com INT"]
[Date "2019.01.21"]
[Round "3"]
[White "Ducarmon, Quinten"]
[Black "Fridman, Daniel"]
[Result "1-0"]
[WhiteTitle "IM"]
[BlackTitle "GM"]
[WhiteElo "2479"]
[BlackElo "2631"]
[WhiteTeam "Amsterdam Mosquitoes"]
[BlackTeam "Baden-Baden Snowballs"]
[WhiteFideId "1025007"]
[BlackFideId "11600454"]
[EventDate "2019.01.08"]

1. e4 e5 2. Nf3 Nf6 3. Nxe5 d6 4. Nf3 Nxe4 5. d4 d5 6. Bd3 Nc6 7. O-O Bg4 8. Re1
Be7 9. c3 f5 10. Nbd2 O-O 11. Nf1 Bd6 12. Qb3 Kh8 13. Qxb7 Qf6 14. Ng3 Rab8 15.
Qxc6 Bxg3 16. Qxf6 Bxf2+ 17. Kf1 Rxf6 18. Re2 Bxf3 19. gxf3 Bh4 20. Bf4 Rf7 21.
Kg2 Rb6 22. Rf1 Nf6 23. Be5 Ng8 24. Bf4 Nf6 25. Kh3 g5 26. Be5 Kg8 27. Bxf5 Nh5
28. Bg4 Ng7 29. f4 h5 30. Bf3 g4+ 31. Bxg4 hxg4+ 32. Kxh4 Nf5+ 33. Kxg4 Rg6+ 34.
Kf3 Rh7 35. Ref2 Rh3+ 36. Ke2 c6 37. Kd2 Kf7 38. Re2 Rg4 39. Rff2 Rg1 40. Rg2
Rxg2 41. Rxg2 Ne3 42. Rg7+ Ke6 43. Rxa7 Nc4+ 44. Kc1 Kf5 45. b3 Rxc3+ 46. Kd1
Rd3+ 47. Kc2 Nxe5 48. dxe5 Rh3 49. Rf7+ Ke4 50. e6 Rxh2+ 51. Kc3 d4+ 52. Kb4 Kd5
53. f5 c5+ 54. Kb5 Rxa2 55. e7 Re2 56. f6 d3 57. Rf8 Kd4 58. e8=Q Rxe8 59. Rxe8
d2 60. Rd8+ Kc3 61. Kxc5 1-0

[Event "PRO League Group Stage"]
[Site "chess.com INT"]
[Date "2019.01.21"]
[Round "3"]
[White "Kollars, Dmitrij"]
[Black "Admiraal, Miguoel"]
[Result "1/2-1/2"]
[WhiteTitle "GM"]
[BlackTitle "IM"]
[WhiteElo "2562"]
[BlackElo "2478"]
[WhiteTeam "Baden-Baden Snowballs"]
[BlackTeam "Amsterdam Mosquitoes"]
[WhiteFideId "12909572"]
[BlackFideId "1019716"]
[EventDate "2019.01.08"]

1. e4 c5 2. Nf3 d6 3. Bb5+ Bd7 4. Bxd7+ Nxd7 5. b3 Ngf6 6. Qe2 g6 7. c4 Bg7 8.
Bb2 O-O 9. Nc3 Ng4 10. O-O Nge5 11. Nxe5 Nxe5 12. f4 Nc6 13. Kh1 a6 14. d3 b5
15. Nd5 bxc4 16. dxc4 e6 17. Bxg7 Kxg7 18. Qb2+ Nd4 19. Ne3 f5 20. exf5 gxf5 21.
Nc2 e5 22. Rae1 Qf6 23. Ne3 Rae8 24. Nd5 Qg6 25. Re3 exf4 26. Nxf4 Rxe3 27. Nxg6
hxg6 28. b4 Rb8 29. Qc1 Rbe8 30. bxc5 dxc5 31. Qd2 R3e5 32. Qa5 R8e6 33. h3 g5
34. Rb1 Kg6 35. Qd8 f4 36. Qg8+ Kf6 37. h4 gxh4 38. Qh8+ Kg5 39. Qg7+ Kh5 40.
Kh2 Re2 41. Qf7+ Kg4 42. Kh1 f3 43. Qg7+ Kf4 44. Qf8+ Kg3 45. Qg7+ Kf4 46. Qf8+
Kg3 47. Qb8+ Kg4 48. Qg8+ Kf4 49. Rf1 Rxg2 50. Qf8+ Kg4 51. Qg8+ Kf4 52. Qf8+
Kg4 53. Qg8+ Kf4 1/2-1/2

[Event "PRO League Group Stage"]
[Site "chess.com INT"]
[Date "2019.01.21"]
[Round "3"]
[White "Agrest, Inna"]
[Black "Spoelman, Wouter"]
[Result "0-1"]
[WhiteTitle "WIM"]
[BlackTitle "GM"]
[WhiteElo "2275"]
[BlackElo "2578"]
[WhiteTeam "Baden-Baden Snowballs"]
[BlackTeam "Amsterdam Mosquitoes"]
[WhiteFideId "1708830"]
[BlackFideId "1010891"]
[EventDate "2019.01.08"]

1. e4 c5 2. Nf3 e6 3. d4 cxd4 4. Nxd4 Nc6 5. Nc3 Qc7 6. Be3 a6 7. Qf3 Bd6 8.
O-O-O Be5 9. Nxc6 bxc6 10. Bd4 Bxd4 11. Rxd4 Nf6 12. Qg3 Qxg3 13. hxg3 d5 14. e5
Nd7 15. Rdh4 h6 16. f4 Ke7 17. g4 Rd8 18. g3 Rb8 19. a3 Bb7 20. Bg2 c5 21. Re1
Bc6 22. Rh5 Rb6 23. g5 hxg5 24. Rxg5 g6 25. g4 Rh8 26. f5 Nf8 27. fxg6 fxg6 28.
Rf1 Rh2 29. Bf3 Rh6 30. Bxd5 Bxd5 31. Nxd5+ exd5 32. e6 Nxe6 33. Rxd5 Rd6 34.
Re5 Rh4 35. g5 Rg4 36. Rfe1 Kd7 37. b3 Rxg5 38. R5e4 Rg2 39. Rh1 Nd4 40. Rh7+
Kc6 41. Ree7 Rxc2+ 42. Kb1 Rg2 43. Ra7 Kd5 44. b4 Nb5 0-1

[Event "PRO League Group Stage"]
[Site "chess.com INT"]
[Date "2019.01.21"]
[Round "3"]
[White "Berger, Steve"]
[Black "Lagarde, Maxime"]
[Result "0-1"]
[WhiteTitle "IM"]
[BlackTitle "GM"]
[WhiteElo "2435"]
[BlackElo "2604"]
[WhiteTeam "Berlin Bears"]
[BlackTeam "Cannes Blitzstreams"]
[WhiteFideId "4644786"]
[BlackFideId "662399"]
[EventDate "2019.01.08"]

1. e4 e5 2. Nf3 Nc6 3. Nc3 g6 4. d4 exd4 5. Nd5 Bg7 6. Bg5 Nce7 7. Nxd4 c6 8.
Nxe7 Nxe7 9. Qd2 h6 10. Bh4 g5 11. Bg3 d5 12. exd5 Qxd5 13. c3 O-O 14. Nb3 a5
15. Rd1 a4 16. Nc1 Re8 17. a3 Bg4 18. Qxd5 Nxd5+ 19. Be2 Re7 20. f3 Bf5 21. Kf2
Rae8 22. Bd3 Bxd3 23. Rxd3 Ne3 24. h4 Nc4 25. hxg5 hxg5 26. Bd6 Re6 27. Bc5 Nxb2
28. Rd7 b5 29. Rh5 Bf6 30. Bd4 Nd1+ 31. Kg3 Nxc3 32. Bxc3 Bxc3 33. Rxg5+ Kf8 34.
Nd3 Bf6 35. Rf5 Rd8 36. Nc5 Rxd7 37. Nxd7+ Ke7 38. Nc5 Re5 0-1

[Event "PRO League Group Stage"]
[Site "chess.com INT"]
[Date "2019.01.21"]
[Round "3"]
[White "Blohberger, Felix"]
[Black "Mekhitarian, Krikor Sevag"]
[Result "0-1"]
[WhiteTitle "IM"]
[BlackTitle "GM"]
[WhiteElo "2450"]
[BlackElo "2536"]
[WhiteTeam "Berlin Bears"]
[BlackTeam "Cannes Blitzstreams"]
[WhiteFideId "1632051"]
[BlackFideId "2107660"]
[EventDate "2019.01.08"]

1. c4 e5 2. Nc3 Nf6 3. Nf3 Nc6 4. e3 Bb4 5. Qc2 O-O 6. Nd5 Re8 7. Ng5 g6 8. h4
Bf8 9. Nxf6+ Qxf6 10. Ne4 Qe7 11. g4 d6 12. Be2 Bg7 13. a3 f5 14. gxf5 gxf5 15.
Nc3 Be6 16. d3 Qf7 17. Bd2 a6 18. Rg1 Kh8 19. Rc1 Bf6 20. Rh1 Rg8 21. Bf3 Raf8
22. Bd5 Nd8 23. Qd1 c6 24. Bxe6 Nxe6 25. Qf3 Nc5 26. e4 fxe4 27. Nxe4 Be7 28.
Qe3 Nxe4 29. dxe4 Rg2 30. f4 Qh5 31. Kf1 Rfg8 32. Be1 R2g4 33. f5 Rf4+ 34. Bf2
Qg4 35. Rg1 Qxg1+ 0-1

[Event "PRO League Group Stage"]
[Site "chess.com INT"]
[Date "2019.01.21"]
[Round "3"]
[White "Velten, Paul"]
[Black "Lampert, Jonas"]
[Result "0-1"]
[WhiteTitle "GM"]
[BlackTitle "IM"]
[WhiteElo "2496"]
[BlackElo "2544"]
[WhiteTeam "Cannes Blitzstreams"]
[BlackTeam "Berlin Bears"]
[WhiteFideId "681091"]
[BlackFideId "1303759"]
[EventDate "2019.01.08"]

1. d4 Nf6 2. c4 e6 3. Nf3 d5 4. Nc3 Be7 5. Bf4 O-O 6. a3 a6 7. cxd5 exd5 8. h3
c5 9. e3 Nc6 10. dxc5 Bxc5 11. Bd3 d4 12. exd4 Nxd4 13. O-O Be6 14. Ne4 Bb3 15.
Qb1 Nxe4 16. Nxd4 Nxf2 17. Nxb3 Nxd3+ 18. Nxc5 Qd4+ 19. Kh1 Nxf4 20. Qe4 Qxe4
21. Nxe4 Nd3 22. b4 Rad8 23. Kg1 Rfe8 24. Ng5 Ne5 25. Rac1 h6 26. Nf3 Nc6 27.
Rfd1 Rxd1+ 28. Rxd1 Re3 29. Rd7 Rxa3 30. Rxb7 Rb3 31. Rb6 Nxb4 32. Nd2 Rd3 33.
Nc4 Nd5 34. Rxa6 f6 35. Rd6 Nf4 36. Rxd3 Nxd3 37. g4 Kf7 38. Ne3 g6 39. Kg2 Ke6
40. Kf3 Ke5 41. h4 Ne1+ 42. Kg3 Ke4 43. h5 gxh5 44. Nf5 Nf3 45. Nxh6 h4+ 46. Kh3
Kf4 47. Nf7 Ng5+ 0-1